[Event "VIII Floripa Chess Open 2022 - LIRA - m"]
[Site "Lira Tênis Clube - Florianó"]
[Date "2022.01.25"]
[Round "2.27"]
[White "Silva, Janderson Rossi Da"]
[Black "Guimaraes, Diogo Duarte"]
[Result "0-1"]
[WhiteElo "1878"]
[BlackElo "2273"]
[PlyCount "58"]
[EventDate "2022.01.24"]
[EventRounds "10"]
[EventCountry "BRA"]

1. e4 e5 2. Nf3 Nc6 3. Bc4 Nf6 4. d3 Bc5 5. c3 O-O 6. O-O d6 7. b4 Bb6 8. Re1
Ne7 9. Nbd2 Ng6 10. a4 d5 11. Bb3 a5 12. Qc2 Ng4 13. Rf1 Nf4 14. exd5 Ne2+ 15.
Kh1 Nxc1 16. Raxc1 Nxf2+ 17. Rxf2 Bxf2 18. Nc4 Bb6 19. Nxb6 cxb6 20. Nxe5 axb4
21. c4 Qf6 22. d4 Qf4 23. Nd3 Qxd4 24. Nxb4 Bg4 25. h3 Bh5 26. Na2 Rfe8 27. Qc3
Qf2 28. Rg1 Re3 29. Qd4 Rxh3+ 0-1

[Event "VIII Floripa Chess Open 2022 - LIRA - m"]
[Site "Lira Tênis Clube - Florianó"]
[Date "2022.01.25"]
[Round "2.28"]
[White "Cominato Neto, Jose Luis"]
[Black "Dos Santos, Joao Mateus Araujo"]
[Result "1-0"]
[WhiteElo "2272"]
[BlackElo "1880"]
[PlyCount "49"]
[EventDate "2022.01.24"]
[EventRounds "10"]
[EventCountry "BRA"]

1. e4 e5 2. Nc3 Nc6 3. Bc4 Nf6 4. d3 Bc5 5. f4 d6 6. Nf3 exf4 7. Bxf4 O-O 8.
Qd2 Be6 9. Bb3 Nd4 10. Na4 Nxb3 11. axb3 Bb6 12. Bg5 Qe7 13. Rf1 Bg4 14. Qf4
Qe6 15. Bxf6 gxf6 16. O-O-O d5 17. Nxb6 axb6 18. exd5 Qd7 19. h3 Bh5 20. g4 Bg6
21. h4 h6 22. h5 Bh7 23. Qxh6 Qxd5 24. Qxf6 Rfe8 25. h6 1-0

[Event "VIII Floripa Chess Open 2022 - LIRA - m"]
[Site "Lira Tênis Clube - Florianó"]
[Date "2022.01.25"]
[Round "2.29"]
[White "Quintiliano Moura, Paulo Henrique"]
[Black "Villalba, Marcelo"]
[Result "0-1"]
[WhiteElo "1876"]
[BlackElo "2258"]
[PlyCount "54"]
[EventDate "2022.01.24"]
[EventRounds "10"]
[EventCountry "BRA"]

1. e4 e5 2. Nf3 Nc6 3. Bc4 Bc5 4. c3 Nf6 5. b4 Bb6 6. d3 d6 7. a4 a5 8. b5 Ne7
9. O-O Ng6 10. Ba2 O-O 11. Nbd2 c6 12. bxc6 bxc6 13. Nc4 Bc7 14. Re1 Re8 15. h3
h6 16. Qc2 d5 17. exd5 cxd5 18. Na3 Bf5 19. Nb5 Bb8 20. Be3 Qd7 21. Nh2 Ra6 22.
Qd2 Bxh3 23. gxh3 Qxh3 24. f3 Nh4 25. Kh1 e4 26. f4 Ng4 27. Bxd5 Nxh2 0-1

[Event "VIII Floripa Chess Open 2022 - LIRA - m"]
[Site "Lira Tênis Clube - Florianó"]
[Date "2022.01.25"]
[Round "2.30"]
[White "Terao, Juliana Sayumi"]
[Black "Pedroso, Denian"]
[Result "1-0"]
[WhiteElo "2257"]
[BlackElo "1876"]
[PlyCount "107"]
[EventDate "2022.01.24"]
[EventRounds "10"]
[EventCountry "BRA"]

1. e4 c5 2. Nf3 Nc6 3. d4 cxd4 4. Nxd4 Nf6 5. Nc3 e6 6. Ndb5 Bb4 7. a3 Bxc3+ 8.
Nxc3 d5 9. exd5 exd5 10. Bd3 O-O 11. O-O d4 12. Ne2 Bg4 13. Bg5 Qd6 14. f3 Bh5
15. Qd2 Bg6 16. Rad1 Rad8 17. Qf4 Rfe8 18. Rf2 Bxd3 19. Rxd3 h6 20. Qxd6 Rxd6
21. Bxf6 Rxf6 22. h4 Rd6 23. Kf1 Re3 24. Nc1 Rde6 25. Rd1 Ne7 26. b3 b5 27.
Rfd2 Nc6 28. Ne2 d3 29. Nf4 Re8 30. Rxd3 Kf8 31. Rxe3 Rxe3 32. Nd5 Re5 33. Kf2
g5 34. h5 Ne7 35. Nf6 Kg7 36. Nd7 Rd5 37. Rxd5 Nxd5 38. c4 bxc4 39. bxc4 Nc7
40. Ke3 f5 41. Kd4 Kf7 42. Ke5 Ne8 43. Nb8 f4 44. a4 Nf6 45. Kd6 Nxh5 46. c5
Ng7 47. c6 h5 48. Ke5 Ne6 49. Na6 g4 50. c7 Nxc7 51. Nxc7 h4 52. Kxf4 h3 53.
gxh3 gxh3 54. Kg3 1-0

[Event "VIII Floripa Chess Open 2022 - LIRA - m"]
[Site "Lira Tênis Clube - Florianó"]
[Date "2022.01.25"]
[Round "2.31"]
[White "Buganca, Luiz Henrique Da Si"]
[Black "Labussiere, Yago"]
[Result "0-1"]
[WhiteElo "1873"]
[BlackElo "2257"]
[PlyCount "138"]
[EventDate "2022.01.24"]
[EventRounds "10"]
[EventCountry "BRA"]

1. e4 c5 2. Nf3 Nc6 3. d4 cxd4 4. Nxd4 g6 5. Nxc6 bxc6 6. Qd4 Nf6 7. e5 Nd5 8.
c4 Nb4 9. Qc3 c5 10. Be3 Bg7 11. f4 d6 12. Be2 Qc7 13. a3 Nc6 14. Bf3 Bb7 15.
O-O dxe5 16. Bxc5 O-O 17. Qe1 exf4 18. Nc3 Ne5 19. Bxb7 Qxc5+ 20. Kh1 Rab8 21.
Ba6 Nd3 22. Qe2 Nxb2 23. Nd5 e6 24. Nxf4 Rb6 25. Bb5 a6 26. Bd7 Rd6 27. Nxe6
Qxc4 28. Qxc4 Nxc4 29. Nxf8 Bxa1 30. Rxa1 Kxf8 31. Bg4 a5 32. Be2 Ne3 33. Kg1
Rd2 34. Kf2 Nxg2 35. Kf3 Nh4+ 36. Ke3 Rb2 37. a4 Ng2+ 38. Kf3 Nf4 39. Bb5 Ne6
40. Ke4 Nc7 41. Bc4 Rxh2 42. Rb1 Ke7 43. Rb7 Kd6 44. Ra7 Rh5 45. Kd4 f6 46. Rb7
Kc6 47. Rb8 Rh4+ 48. Kd3 Kc5 49. Bb5 Rh3+ 50. Ke4 Rh4+ 51. Kd3 Rd4+ 52. Kc2 f5
53. Rc8 Kb6 54. Rb8+ Ka7 55. Rh8 Nxb5 56. Rxh7+ Kb6 57. axb5 Kxb5 58. Rb7+ Kc5
59. Rc7+ Kd5 60. Kc3 Rg4 61. Ra7 a4 62. Ra5+ Ke6 63. Kd2 Kf6 64. Ke3 Rb4 65.
Ra6+ Kg5 66. Kf3 Rb3+ 67. Kf2 a3 68. Ra4 Rb2+ 69. Kf3 a2 0-1

[Event "VIII Floripa Chess Open 2022 - LIRA - m"]
[Site "Lira Tênis Clube - Florianó"]
[Date "2022.01.25"]
[Round "2.32"]
[White "Menna Barreto, Luiz Ney"]
[Black "Borges, Leonardo Hisao Hera"]
[Result "1-0"]
[WhiteElo "2254"]
[BlackElo "1873"]
[PlyCount "101"]
[EventDate "2022.01.24"]
[EventRounds "10"]
[EventCountry "BRA"]

1. Nf3 Nf6 2. c4 g6 3. Nc3 d5 4. cxd5 Nxd5 5. e4 Nxc3 6. dxc3 Qxd1+ 7. Kxd1 Bg7
8. Bf4 c6 9. Kc2 Nd7 10. a4 Nc5 11. Nd2 Be6 12. Be3 Nd7 13. Bc4 Bxc4 14. Nxc4
b6 15. Rhd1 O-O-O 16. Bd4 Bxd4 17. cxd4 Kb7 18. b4 Nf6 19. f3 h5 20. Ne5 Rhf8
21. b5 cxb5 22. axb5 Rc8+ 23. Kd3 Rc7 24. Rdc1 Rxc1 25. Rxc1 Ne8 26. d5 Nd6 27.
Rb1 Re8 28. Nc6 e5 29. dxe6 fxe6 30. Ne5 g5 31. Nc4 Nxc4 32. Kxc4 Rc8+ 33. Kd4
Rc2 34. Ke5 Rxg2 35. Kxe6 Rxh2 36. Rg1 g4 37. f4 Kc7 38. f5 Rd2 39. e5 Kd8 40.
f6 Ke8 41. Rh1 g3 42. Rxh5 Rh2 43. Rg5 Kf8 44. Rxg3 Rh6 45. Rc3 Kg8 46. Rc8+
Kh7 47. Rc7+ Kg8 48. Rxa7 Rh5 49. Ra8+ Kh7 50. f7 Rh6+ 51. Kd5 1-0

[Event "VIII Floripa Chess Open 2022 - LIRA - m"]
[Site "Lira Tênis Clube - Florianó"]
[Date "2022.01.25"]
[Round "2.33"]
[White "Marra, Eduardo Da Costa"]
[Black "Soares, Lucas Vicente"]
[Result "1-0"]
[WhiteElo "2222"]
[BlackElo "1869"]
[PlyCount "47"]
[EventDate "2022.01.24"]
[EventRounds "10"]
[EventCountry "BRA"]

1. c4 c5 2. Nf3 Nf6 3. g3 d5 4. cxd5 Nxd5 5. Nc3 Nc6 6. Bg2 Nc7 7. O-O e5 8. d3
Be7 9. Nd2 Be6 10. Nc4 f6 11. Bxc6+ bxc6 12. Qa4 Qd7 13. Be3 Nb5 14. Nb6 axb6
15. Qxa8+ Bd8 16. a4 Nxc3 17. bxc3 Bh3 18. Rfb1 O-O 19. a5 bxa5 20. Rb7 Qg4 21.
f3 Qg6 22. Rb8 Be7 23. Rxf8+ Bxf8 24. Bxc5 1-0

[Event "VIII Floripa Chess Open 2022 - LIRA - m"]
[Site "Lira Tênis Clube - Florianó"]
[Date "2022.01.25"]
[Round "2.34"]
[White "Zimmermann, Kleber Renato P."]
[Black "Caetano, Ryan Wesley Da Cost"]
[Result "0-1"]
[WhiteElo "1869"]
[BlackElo "2217"]
[PlyCount "104"]
[EventDate "2022.01.24"]
[EventRounds "10"]
[EventCountry "BRA"]

1. d4 Nf6 2. c4 g6 3. Nc3 Bg7 4. e4 d6 5. Nf3 O-O 6. h3 c6 7. Be3 a6 8. a4 a5
9. Be2 Na6 10. g4 Nb4 11. Nd2 e5 12. d5 Ne8 13. g5 f5 14. gxf6 Bxf6 15. Nf3 Ng7
16. Qd2 cxd5 17. Nxd5 Nxd5 18. Qxd5+ Be6 19. Qb5 Qe7 20. O-O-O Nh5 21. h4 Kh8
22. Rd2 Nf4 23. Bxf4 exf4 24. Rhd1 Bd7 25. Qxb7 Rab8 26. Qa7 Bxa4 27. Qxe7 Bxe7
28. Rh1 Bc6 29. Ng5 f3 30. Bd1 Bf6 31. Re1 Be5 32. Kb1 Bc3 33. Rxd6 Bxe1 34.
Rxc6 Rbc8 35. Rxc8 Rxc8 36. Nxf3 Bxf2 37. Be2 Kg7 38. Kc2 Kf6 39. b3 h6 40. Bd3
Rg8 41. e5+ Ke7 42. Be4 g5 43. hxg5 hxg5 44. Bd5 Rg7 45. Kd3 g4 46. Nd4 Bxd4
47. Kxd4 g3 48. Bg2 Rf7 49. Kd5 Rf2 50. Bh3 g2 51. Bxg2 Rxg2 52. c5 Kd7 0-1

[Event "VIII Floripa Chess Open 2022 - LIRA - m"]
[Site "Lira Tênis Clube - Florianó"]
[Date "2022.01.25"]
[Round "2.35"]
[White "Pereira, Silvio Cunha"]
[Black "Souza, Atahander"]
[Result "1-0"]
[WhiteElo "2217"]
[BlackElo "1867"]
[PlyCount "105"]
[EventDate "2022.01.24"]
[EventRounds "10"]
[EventCountry "BRA"]

1. e4 c6 2. Nc3 g6 3. d4 Bg7 4. Be3 d6 5. f3 Nf6 6. Qd2 Qa5 7. Nge2 b5 8. Nc1
b4 9. Nd1 Qb6 10. Nd3 a5 11. a3 bxa3 12. Rxa3 Nbd7 13. b4 a4 14. Nc3 Qc7 15.
Rxa4 Rxa4 16. Nxa4 Ba6 17. Be2 Qa7 18. Nab2 Bxd3 19. Bxd3 e5 20. dxe5 Qa1+ 21.
Qc1 Qxc1+ 22. Bxc1 Nxe5 23. Nc4 Nxc4 24. Bxc4 Ke7 25. Ke2 Nd7 26. Bd2 Ra8 27.
Rd1 Bf6 28. f4 h6 29. Bb3 Rb8 30. Be1 g5 31. g3 Rb6 32. Bc4 Rb7 33. Rd3 Ra7 34.
Bb3 Rb7 35. Kf3 h5 36. Bc3 gxf4 37. gxf4 Bxc3 38. Rxc3 c5 39. bxc5 Nxc5 40. Bd5
Rb1 41. Ra3 Rf1+ 42. Kg3 Rg1+ 43. Kf2 Rg7 44. Ra7+ Kf6 45. Kf3 Rh7 46. c3 Rg7
47. Rc7 Nd3 48. c4 Nc5 49. e5+ Kf5 50. exd6 Ne6 51. Re7 Nd4+ 52. Ke3 Nc2+ 53.
Kd2 1-0

[Event "VIII Floripa Chess Open 2022 - LIRA - m"]
[Site "Lira Tênis Clube - Florianó"]
[Date "2022.01.25"]
[Round "2.36"]
[White "Barbosa, Flavio Novais"]
[Black "Brito, Luismar"]
[Result "1/2-1/2"]
[WhiteElo "1868"]
[BlackElo "2215"]
[PlyCount "90"]
[EventDate "2022.01.24"]
[EventRounds "10"]
[EventCountry "BRA"]

1. d4 Nf6 2. c4 e6 3. Nf3 b6 4. g3 Bb7 5. Bg2 Bb4+ 6. Bd2 Qe7 7. O-O O-O 8. Bf4
Bd6 9. Bxd6 Qxd6 10. Nc3 Qe7 11. Qc2 d6 12. Rad1 Nbd7 13. Rfe1 Rae8 14. e4 e5
15. d5 a5 16. a3 Ba6 17. Nb5 Qd8 18. b4 g6 19. Bh3 Nh5 20. Na7 Nb8 21. bxa5
bxa5 22. Qa4 f5 23. exf5 gxf5 24. Qxa5 c5 25. Qxd8 Rxd8 26. Nb5 Ng7 27. Rb1 Kf7
28. Rb2 Ke7 29. Nd2 Bxb5 30. cxb5 Nd7 31. Nc4 Ra8 32. Ra1 Ra4 33. Bf1 Rb8 34.
Rb3 Ne8 35. Nb2 Ra5 36. a4 Nb6 37. Nc4 Rxa4 38. Rxa4 Nxa4 39. Ra3 Ra8 40. Bd3
Nc7 41. Bc2 Nb6 42. Rxa8 Ncxa8 43. Nxb6 Nxb6 44. Bxf5 Nxd5 45. Bxh7 Nf6 1/2-1/2

[Event "VIII Floripa Chess Open 2022 - LIRA - m"]
[Site "Lira Tênis Clube - Florianó"]
[Date "2022.01.25"]
[Round "2.37"]
[White "Sosa, Alexandro Brum"]
[Black "Alboredo, Julia"]
[Result "0-1"]
[WhiteElo "1864"]
[BlackElo "2200"]
[PlyCount "114"]
[EventDate "2022.01.24"]
[EventRounds "10"]
[EventCountry "BRA"]

1. e4 c5 2. Nf3 Nc6 3. Bb5 Nf6 4. Bxc6 dxc6 5. Nc3 g6 6. d3 Bg7 7. h3 O-O 8.
O-O Nd7 9. Be3 e5 10. a3 a5 11. Na4 Qe7 12. Qd2 b5 13. Nc3 Ba6 14. b3 Rfd8 15.
Qe2 Nf8 16. a4 b4 17. Nd1 h6 18. Nd2 f5 19. f3 Ne6 20. Nb2 f4 21. Bf2 Nd4 22.
Bxd4 cxd4 23. Nbc4 Qc5 24. Kf2 Bf6 25. Ke1 Kf7 26. Kd1 g5 27. Kc1 Bc8 28. Kb2
Be6 29. Qf2 Rh8 30. Rh1 Rag8 31. g3 Ke7 32. Rag1 Kd7 33. Rg2 Kc7 34. Qg1 h5 35.
Rhh2 fxg3 36. Rxg3 Kb7 37. Rhg2 Ka6 38. Rxg5 Bxg5 39. Rxg5 Qe7 40. Rxg8 Rxg8
41. Qh2 Qg5 42. Nxe5 Qg3 43. Qxg3 Rxg3 44. h4 Rh3 45. f4 Rxh4 46. f5 Bg8 47.
Ng6 Rh2 48. Nf3 Rf2 49. Nfh4 Kb7 50. e5 Kc7 51. Ne7 Bh7 52. e6 Rf4 53. Ng2 Rxf5
54. Nxf5 Bxf5 55. Nf4 h4 56. Ne2 c5 57. Kc1 Bg4 0-1

[Event "VIII Floripa Chess Open 2022 - LIRA - m"]
[Site "Lira Tênis Clube - Florianó"]
[Date "2022.01.25"]
[Round "2.38"]
[White "Guimaraes, Wagner Peixoto"]
[Black "Feller, Gabriela Luisa Vice"]
[Result "1-0"]
[WhiteElo "2194"]
[BlackElo "1864"]
[PlyCount "55"]
[EventDate "2022.01.24"]
[EventRounds "10"]
[EventCountry "BRA"]

1. e4 c6 2. d4 d5 3. Nc3 dxe4 4. Nxe4 Nf6 5. Nxf6+ gxf6 6. c3 Bf5 7. Ne2 Nd7 8.
Ng3 Bg6 9. h4 h5 10. Be2 Qa5 11. b4 Qc7 12. Nxh5 e5 13. Ng3 O-O-O 14. h5 Bh7
15. Qa4 Kb8 16. Be3 Nb6 17. Qa5 Rd5 18. Qa3 a5 19. dxe5 axb4 20. Qb3 Nc8 21.
cxb4 Qxe5 22. O-O Rg8 23. b5 c5 24. Bf4 Qxf4 25. Qxd5 Nd6 26. Rad1 Rg5 27. Qd2
Qe5 28. f4 1-0

[Event "VIII Floripa Chess Open 2022 - LIRA - m"]
[Site "Lira Tênis Clube - Florianó"]
[Date "2022.01.25"]
[Round "2.39"]
[White "Lazzarotto, Marcio"]
[Black "Abrantes, Tiago Garrido"]
[Result "0-1"]
[WhiteElo "1864"]
[BlackElo "2187"]
[PlyCount "71"]
[EventDate "2022.01.24"]
[EventRounds "10"]
[EventCountry "BRA"]

1. d4 Nf6 2. Nf3 g6 3. c4 Bg7 4. g3 O-O 5. Bg2 d5 6. cxd5 Nxd5 7. O-O Nc6 8. e4
Nb6 9. d5 Na5 10. Qc2 f5 11. Bf4 fxe4 12. Bxc7 exf3 13. Bxd8 fxg2 14. Rd1 Rxd8
15. Nc3 Nac4 16. Kxg2 Bf5 17. Qe2 Rac8 18. g4 Nxb2 19. gxf5 Nxd1 20. Rxd1 Bxc3
21. Qe6+ Kh8 22. Rd3 Bg7 23. Qxe7 Nxd5 24. Rxd5 Rxd5 25. f6 Bf8 26. Qxb7 Rcd8
27. Qxa7 R8d7 28. Qa8 Rg5+ 29. Kf1 Rf7 30. Qe4 Rxf6 31. h4 Rgf5 32. a4 Rxf2+
33. Ke1 Ra2 34. Qe8 h5 35. Qe5 Bg7 36. Qg3 0-1

[Event "VIII Floripa Chess Open 2022 - LIRA - m"]
[Site "Lira Tênis Clube - Florianó"]
[Date "2022.01.25"]
[Round "2.40"]
[White "Sega, Carlos Alberto"]
[Black "Correa, Joao Pedro Vieira"]
[Result "1-0"]
[WhiteElo "2186"]
[BlackElo "1864"]
[PlyCount "101"]
[EventDate "2022.01.24"]
[EventRounds "10"]
[EventCountry "BRA"]

1. c4 Nf6 2. g3 e6 3. Bg2 d5 4. Nf3 d4 5. O-O c5 6. e3 Nc6 7. exd4 cxd4 8. Re1
Bd6 9. d3 O-O 10. Bg5 h6 11. Bxf6 Qxf6 12. Nbd2 Qe7 13. a3 a5 14. Nb3 Qf6 15.
c5 Bc7 16. Nbd2 Qe7 17. Rc1 a4 18. Rc4 Rd8 19. Rxa4 Rxa4 20. Qxa4 Qxc5 21. Ne4
Qa5 22. Qxa5 Bxa5 23. b4 Bb6 24. Rc1 Ne7 25. Ne5 Nd5 26. Nxf7 Kxf7 27. Rxc8 Ke7
28. Rxd8 Bxd8 29. Nc5 b5 30. Bxd5 exd5 31. f4 Bb6 32. Nb3 Kd6 33. Kg2 Ke6 34.
Kf3 g6 35. Kg4 Kf6 36. h3 h5+ 37. Kf3 Kf5 38. Nc5 Ba7 39. g4+ hxg4+ 40. hxg4+
Kf6 41. Nb3 Bb6 42. Nc1 Ba7 43. Ne2 Bb6 44. g5+ Kf5 45. Ng3+ Ke6 46. Kg4 Bd8
47. f5+ Kf7 48. Ne2 Bb6 49. Nf4 Ba7 50. fxg6+ Kg7 51. Kf5 1-0

[Event "VIII Floripa Chess Open 2022 - LIRA - m"]
[Site "Lira Tênis Clube - Florianó"]
[Date "2022.01.25"]
[Round "2.41"]
[White "De Carvalho, Vitor Augusto Ponci"]
[Black "Nogueira, Ivan Kuhlmann"]
[Result "0-1"]
[WhiteElo "1858"]
[BlackElo "2186"]
[PlyCount "70"]
[EventDate "2022.01.24"]
[EventRounds "10"]
[EventCountry "BRA"]

1. e4 Nf6 2. Nc3 d5 3. e5 Nfd7 4. Nxd5 Nxe5 5. Ne3 c5 6. Nf3 Nxf3+ 7. Qxf3 Nc6
8. g3 Nd4 9. Qd1 Bd7 10. Bg2 Bc6 11. Bxc6+ Nxc6 12. d3 g6 13. Bd2 Bg7 14. Bc3
Bxc3+ 15. bxc3 Qa5 16. Qd2 Ne5 17. Ke2 Rd8 18. f4 Nc6 19. Nc4 Qc7 20. a4 O-O
21. Kf2 e5 22. Nxe5 Nxe5 23. fxe5 Qxe5 24. Ra3 c4 25. d4 Qf5+ 26. Kg1 Rfe8 27.
Ra1 Re4 28. Rf1 Qe6 29. Kf2 Rd5 30. Re1 Rf5+ 31. Kg2 Qd5 32. Kg1 Rf3 33. h3
Rxg3+ 34. Kh2 Rxh3+ 35. Kxh3 Qf5+ 0-1

[Event "VIII Floripa Chess Open 2022 - LIRA - m"]
[Site "Lira Tênis Clube - Florianó"]
[Date "2022.01.25"]
[Round "2.42"]
[White "Moro, Antonio Renato Pere"]
[Black "Silva, Kaua Marques"]
[Result "0-1"]
[WhiteElo "1853"]
[BlackElo "2170"]
[PlyCount "92"]
[EventDate "2022.01.24"]
[EventRounds "10"]
[EventCountry "BRA"]

1. e4 c6 2. d4 d5 3. Nc3 dxe4 4. Nxe4 Nf6 5. Ng3 h5 6. Bc4 h4 7. N3e2 Bf5 8. h3
Be4 9. Nf4 g5 10. f3 Bf5 11. Nfe2 Rg8 12. Nc3 e6 13. Be3 Bd6 14. Nge2 Nbd7 15.
Qd2 Nb6 16. Bb3 a5 17. a4 Nfd5 18. Nxd5 cxd5 19. Bf2 Qc7 20. Nc3 Bb4 21. O-O
Bxc3 22. bxc3 f6 23. Rfe1 Kf7 24. Kh1 Rac8 25. Rac1 Qxc3 26. Qe2 Qc7 27. Qb5
Nc4 28. Bxc4 Qxc4 29. Qxa5 Qa6 30. Qd2 Qxa4 31. c4 Rxc4 32. Rxc4 Qxc4 33. Rc1
Qd3 34. Qb4 Kg6 35. Qe7 Bxh3 36. gxh3 Qxf3+ 37. Kg1 Qxh3 38. Rc7 Kf5 39. Qh7+
Kf4 40. Qxg8 Qg4+ 41. Kf1 Qd1+ 42. Be1 Qd3+ 43. Kg1 Qxd4+ 44. Bf2 Qd1+ 45. Kg2
h3+ 46. Kxh3 Qh1# 0-1

[Event "VIII Floripa Chess Open 2022 - LIRA - m"]
[Site "Lira Tênis Clube - Florianó"]
[Date "2022.01.25"]
[Round "2.43"]
[White "Luz, Arthur Nader"]
[Black "De Freitas, Isabella Ribeiro Co"]
[Result "1/2-1/2"]
[WhiteElo "2169"]
[BlackElo "1860"]
[PlyCount "140"]
[EventDate "2022.01.24"]
[EventRounds "10"]
[EventCountry "BRA"]

1. e4 c5 2. Nf3 e6 3. d4 cxd4 4. Nxd4 a6 5. a3 Qc7 6. c4 Nf6 7. Nc3 Be7 8. Be3
b6 9. Rc1 Bb7 10. f3 d6 11. g4 h6 12. Kd2 Nc6 13. Nd5 Qb8 14. Nxb6 Nxd4 15.
Bxd4 Nd7 16. Qa4 Bg5+ 17. Kc2 Qc7 18. Nxa8 Bxa8 19. Bxg7 Rg8 20. Bc3 Bxc1 21.
Kxc1 Qb6 22. Qd1 e5 23. b4 Ke7 24. Qd2 Nf6 25. Bd3 Rb8 26. Re1 a5 27. Qe3 Qc7
28. Kd2 h5 29. g5 Nd7 30. Rc1 Nb6 31. c5 Na4 32. cxd6+ Qxd6 33. Qa7+ Kf8 34.
Qa6 Bc6 35. b5 Rxb5 36. Qc8+ Kg7 37. Qxc6 Qxc6 38. Bxe5+ Rxe5 39. Rxc6 Rxg5 40.
Ke3 Rg2 41. Rc2 Rg1 42. Bb5 Ra1 43. Bxa4 Rxa3+ 44. Kf4 Rxa4 45. Rc5 Kg6 46. h4
Ra1 47. Rc6+ Kg7 48. Kg5 a4 49. Kxh5 a3 50. Ra6 a2 51. f4 Rf1 52. Rxa2 Rxf4 53.
Re2 f6 54. Rg2+ Kh7 55. Rg4 Rf1 56. Rg3 Rf4 57. Re3 Kg7 58. Re1 Kh7 59. Rc1
Rxe4 60. Rc7+ Kh8 61. Rf7 Rf4 62. Kg6 Rg4+ 63. Kh5 Rf4 64. Rb7 Re4 65. Rb8+ Kh7
66. Rb7+ Kh8 67. Ra7 Rd4 68. Ra6 Rf4 69. Rb6 Kh7 70. Rb8 Kg7 1/2-1/2

[Event "VIII Floripa Chess Open 2022 - LIRA - m"]
[Site "Lira Tênis Clube - Florianó"]
[Date "2022.01.25"]
[Round "2.44"]
[White "Ribeiro, Pablyto Robert Baio"]
[Black "Cordeiro, Marco Aurelio Zaror"]
[Result "0-1"]
[WhiteElo "1849"]
[BlackElo "2165"]
[PlyCount "92"]
[EventDate "2022.01.24"]
[EventRounds "10"]
[EventCountry "BRA"]

1. e4 c5 2. Nf3 Nc6 3. c3 e6 4. d4 d5 5. exd5 exd5 6. Bb5 cxd4 7. Nxd4 Bd7 8.
O-O Nf6 9. Bg5 Be7 10. Re1 O-O 11. Nxc6 bxc6 12. Bd3 h6 13. Bh4 Re8 14. Nd2 c5
15. Nf3 Qb6 16. b3 Be6 17. Qc2 Nd7 18. Bxe7 Rxe7 19. Bf5 Rae8 20. Bxe6 Rxe6 21.
Rxe6 Qxe6 22. Qd2 Nf6 23. h3 Ne4 24. Qc2 Qf6 25. Re1 Re6 26. c4 Qg6 27. Nh4 Qh5
28. cxd5 Qxd5 29. Qd1 Nc3 30. Qa1 Rxe1+ 31. Qxe1 Nxa2 32. Qe8+ Kh7 33. Qa4 Nc1
34. Qxa7 Nxb3 35. Nf3 c4 36. Qc7 Nc5 37. Qa5 Qd1+ 38. Qe1 Qxe1+ 39. Nxe1 Kg6
40. Kf1 Kf5 41. Ke2 Ke4 42. Kd2 Nd3 43. Nxd3 cxd3 44. Kc3 g5 45. Kd2 Kd4 46. g4
Kc4 0-1

[Event "VIII Floripa Chess Open 2022 - LIRA - m"]
[Site "Lira Tênis Clube - Florianó"]
[Date "2022.01.25"]
[Round "2.45"]
[White "Caetano, Hugo Zanotti Mendon"]
[Black "De Siqueira, Luigy Lira"]
[Result "1-0"]
[WhiteElo "2161"]
[BlackElo "1853"]
[PlyCount "55"]
[EventDate "2022.01.24"]
[EventRounds "10"]
[EventCountry "BRA"]

1. d4 Nf6 2. Nf3 c5 3. e3 d5 4. c4 cxd4 5. exd4 e6 6. Nc3 Be7 7. c5 Nc6 8. a3
Ne4 9. Qc2 Qa5 10. Rb1 Nxc3 11. b4 Qa4 12. Qxc3 Bf6 13. Be3 O-O 14. Bd3 Re8 15.
Bc2 Qa6 16. Qd2 e5 17. b5 Qxa3 18. bxc6 exd4 19. Nxd4 bxc6 20. O-O Qxc5 21.
Rfc1 Qd6 22. Nxc6 g6 23. Nd4 Bd7 24. Bd3 a6 25. Bf4 Be5 26. Bxe5 Qxe5 27. Be2
a5 28. Bb5 1-0

[Event "VIII Floripa Chess Open 2022 - LIRA - m"]
[Site "Lira Tênis Clube - Florianó"]
[Date "2022.01.25"]
[Round "2.116"]
[White "Da Luz, Fabio Rodolfo"]
[Black "Japiassu, Ricardo De Villa No"]
[Result "0-1"]
[WhiteElo "1345"]
[BlackElo "1973"]
[PlyCount "106"]
[EventDate "2022.01.24"]
[EventRounds "10"]
[EventCountry "BRA"]

1. d4 Nf6 2. c4 c5 3. Nf3 cxd4 4. Nxd4 b6 5. Nc3 d6 6. e4 Bb7 7. Bd3 Nbd7 8.
O-O a6 9. Qc2 e6 10. Bg5 Be7 11. Rfe1 Qc7 12. Nf3 O-O 13. b3 Rfe8 14. Bc1 Rac8
15. Bb2 Qb8 16. Rac1 h6 17. Ne2 Qa8 18. Ng3 Nc5 19. Bd4 b5 20. Bxc5 Rxc5 21.
Qb1 b4 22. Nd4 h5 23. f3 Qa7 24. Kh1 h4 25. Nge2 g6 26. Ng1 Nh5 27. Nde2 Bf8
28. Nh3 Bg7 29. Rcd1 Rd8 30. Nhf4 Nxf4 31. Nxf4 Be5 32. Ne2 Rcc8 33. Rf1 Kg7
34. f4 Bf6 35. h3 Qa8 36. Ng1 a5 37. Nf3 Rc5 38. Nd2 Bc3 39. Nf3 Bf6 40. Nd2
Bc3 41. Nf3 Rh8 42. Ng5 Bc6 43. Qc2 a4 44. Qe2 axb3 45. axb3 Ra5 46. Qg4 Ra2
47. Nf3 Bf6 48. Nd2 Qa7 49. Qf3 Qd4 50. Nb1 Be7 51. Bc2 Qb6 52. Bd3 Qd4 53. Bc2
Qb6 {IlegÃƒÂ­vel (68 lances)} 0-1

[Event "VIII Floripa Chess Open 2022 - LIRA - m"]
[Site "Lira Tênis Clube - Florianó"]
[Date "2022.01.25"]
[Round "2.117"]
[White "Rodrigo Yanguas, Maria"]
[Black "Senger, Maria Clara Da Silv"]
[Result "1/2-1/2"]
[WhiteElo "1970"]
[BlackElo "1318"]
[PlyCount "54"]
[EventDate "2022.01.24"]
[EventRounds "10"]
[EventCountry "BRA"]

1. d4 d5 2. Bf4 Nf6 3. Nc3 e6 4. Nb5 Bd6 5. Nxd6+ cxd6 6. Nf3 Nc6 7. h3 O-O 8.
e3 a6 9. Be2 Re8 10. O-O b5 11. Bg5 Bb7 12. c3 Rc8 13. Nh2 h6 14. Bxf6 Qxf6 15.
Ng4 Qe7 16. f4 f5 17. Nh2 Rf8 18. Qe1 Nb8 19. a4 Bc6 20. axb5 Bxb5 21. Bxb5
axb5 22. Qe2 Qb7 23. g4 b4 24. gxf5 Rxf5 25. Rfc1 bxc3 26. bxc3 Nd7 27. Nf3 Rf7
{IlegÃƒÂ­vel (46 lances)} 1/2-1/2

[Event "VIII Floripa Chess Open 2022 - LIRA - m"]
[Site "Lira Tênis Clube - Florianó"]
[Date "2022.01.25"]
[Round "2.118"]
[White "Bonvini, Alberto Tonhati"]
[Black "Cardoso, Lucas Emanuel Alves"]
[Result "1/2-1/2"]
[WhiteElo "1941"]
[BlackElo "1341"]
[PlyCount "48"]
[EventDate "2022.01.24"]
[EventRounds "10"]
[EventCountry "BRA"]

1. e4 c5 2. c3 d5 3. exd5 Qxd5 4. Nf3 e6 5. d4 Nf6 6. Be2 cxd4 7. cxd4 Be7 8.
Nc3 Qd8 9. O-O O-O 10. Qb3 b6 11. Bg5 Bb7 12. Rad1 Nbd7 13. Rfe1 h6 14. Bh4 Nd5
15. Bxe7 Nxe7 16. Ne5 Nf6 17. Bf3 Bxf3 18. Nxf3 Ned5 19. Ne5 Rc8 20. h3 Re8 21.
Rd3 Qe7 22. Rf3 Rf8 23. Rg3 Qb4 24. Qxb4 Nxb4 1/2-1/2

[Event "VIII Floripa Chess Open 2022 - LIRA - m"]
[Site "Lira Tênis Clube - Florianó"]
[Date "2022.01.25"]
[Round "2.119"]
[White "Tsuchie, Davi Pinheiro"]
[Black "Santanna, Paulo"]
[Result "0-1"]
[WhiteElo "1346"]
[BlackElo "1928"]
[PlyCount "76"]
[EventDate "2022.01.24"]
[EventRounds "10"]
[EventCountry "BRA"]

1. Nf3 c5 2. c4 g6 3. d4 cxd4 4. Nxd4 Nf6 5. Bg5 Bg7 6. Nc3 Nc6 7. e3 O-O 8.
Be2 d6 9. O-O Bd7 10. a3 Rc8 11. Rc1 h6 12. Bh4 a6 13. b4 Ne5 14. Nd5 g5 15.
Nxf6+ Bxf6 16. Bg3 Ng6 17. Bf3 e5 18. Ne2 Bc6 19. Bd5 Bxd5 20. Qxd5 Qc7 21. c5
dxc5 22. Rxc5 Qe7 23. Rd1 Rxc5 24. Qxc5 Qxc5 25. bxc5 Rc8 26. Rb1 Rxc5 27. Rxb7
Ra5 28. f4 Rxa3 29. fxe5 Bxe5 30. Bxe5 Nxe5 31. Kf2 Ng4+ 32. Ke1 Nxe3 33. Kf2
Ng4+ 34. Ke1 Nxh2 35. Rb6 Kg7 36. Rb4 h5 37. Rb7 Ng4 38. Ng3 Rxg3 0-1